000 00311 a2200145 4500
001 181681
020 _a
040 _cMagnum
100 _aAlencar, José de
240 1 0 _aTil/grafica bentivegna
_lpor
245 1 0 _aTil/grafica bentivegna
362 0 _a1899
697 _aMAGNITO: A/ANTOLOGIA
942 _cBK
999 _c181681
_d181681